[Event "84th ESP-ch 2019"]
[Site "Marbella"]
[Date "2019.11.19"]
[Round "4.15"]
[White "Valmana Canto, Jaime"]
[Black "Ramirez Diaz, Jose Ramon"]
[Result "1/2-1/2"]
[WhiteElo "2416"]
[BlackElo "2171"]
[Annotator "TA"]
[PlyCount "216"]
[EventDate "2019.11.16"]
[EventType "swiss"]
[EventCountry "ESP"]
[SourceTitle "playchess.com"]
[Source "ChessBase"]
[SourceQuality "1"]

{[%evp 16,216,80,89,99,97,135,83,157,151,144,132,167,169,168,166,223,229,225,225,225,224,225,218,376,306,347,302,296,289,308,300,562,517,487,318,278,145,131,58,57,15,38,19,21,14,14,14,16,21,7,0,0,0,0,0,0,0,8,8,8,8,10,11,11,11,21,-8,0,-8,-8,-8,-8,-8,0,0,0,0,20,20,152,6,6,6,106,8,91,89,569,479,241,81,89,89,81,81,84,79,79,79,80,81,89,0,0,0,0,0,0,0,0,0,0,0,0,0,0,0,0,0,0,0,0,0,0,0,0,0,0,0,0,0,0,0,0,0,0,0,0,0,0,0,0,0,0,0,0,0,0,0,0,0,0,0,0,0,0,0,0,0,0,0,0,0,0,0,0,0,0,0,0,0,0,0,0,0,0,0,0,0,0,0,0,0,0,0,0,0,0,0,0,0,0,0,0,0,0,0,0,0,0,0,0]} 1. c4 g6 2. Nc3 Bg7 3. d4 c5 4. d5 d6 5. e4 Nf6 6. h3 Na6 7. Nf3 O-O 8. Bd3 Bd7 9. O-O Rb8 {E90: King's Indian: Classical: Early deviations and 6 h3} 10. Bf4 Nc7 11. a4 (11. e5 $142) 11... a6 (11... Na6 $142) 12. e5 $16 Nfe8 13. Qe2 (13. Re1 b5 14. axb5 axb5 15. b3 Rb6 16. Qd2 Qc8 {1-0 (29) Cramling,P (2462)-Halvarsson,P (1895) Vaxjo 2019}) 13... b5 $146 ({Predecessor:} 13... dxe5 14. Nxe5 Nd6 15. Nxd7 Qxd7 16. a5 e6 17. Na4 {1-0 (36) Morozov,N (2174)-Petruli,I (1703) Kishinev 2014}) 14. axb5 axb5 15. cxb5 dxe5 (15... Na8 {might work better.} 16. Ra7 Nb6) 16. Nxe5 $18 Bxe5 17. Qxe5 Nd6 18. Rfe1 ({Don't do} 18. Bh6 f6) 18... Re8 19. Ra7 ({But not} 19. Bh6 $6 f6 $16) 19... f6 $2 (19... Rb6 {was necessary.} 20. Qe3 (20. Bh6 f6 $18) 20... Bxb5) 20. Qe3 c4 21. Bxc4 Nxc4 22. Qc5 Nxb5 23. Nxb5 e5 $2 (23... Rxb5 24. Qxc4 g5) 24. dxe6 Bxb5 25. Bxb8 Qxb8 26. Rea1 (26. Rc7 $18) 26... Qe5 $16 27. Qxe5 (27. Rc7 $16 Nd6 28. Qxe5 fxe5 29. Raa7 Rxe6 30. Rg7+ (30. Rxh7 e4 $16) 30... Kf8 31. Rxh7) 27... Nxe5 $14 28. Ra8 Kf8 29. Rxe8+ Bxe8 30. Ra7 h5 31. b4 Nc6 32. Rb7 Nd4 33. e7+ Kf7 34. f3 h4 35. Kf2 Ke6 36. Ke3 Nf5+ 37. Kd3 Nxe7 38. Kd4 Kd6 39. Rb6+ Nc6+ 40. Kc4 Bf7+ 41. Kb5 (41. Kc3 $5 {[%cal Rb4b5]} Be8 42. Ra6 $14) 41... Bd5 42. Ka6 Ke5 {Hoping for ...Bc4+.} 43. b5 Nd4 44. f4+ $1 {[%mdl 64] Deflection, Decoy} Kxf4 {Strongly threatening ...Ke5.} 45. Rxf6+ {[%mdl 64] Double Attack} Ke3 46. b6 Bxg2 47. Rxg6 Bh1 (47... Kf2 $1 $11) 48. b7 ({White should play} 48. Rg4 $16) 48... Bxb7+ $1 $11 49. Kxb7 {[%mdl 4096] Endgame KR-KN} Nf3 (49... Ne2 $11 {keeps the balance.}) 50. Kc7 (50. Rg4 $16 {aiming for Kc7.} Kd3 51. Kc7) 50... Kf2 (50... Ne5 $1 $11 51. Ra6 Kf2) 51. Rg4 $1 $16 Ne5 $2 {[%mdl 8192]} (51... Nh2 $16 52. Rxh4 Kg3) 52. Rxh4 $18 Kg3 53. Rh5 $2 (53. Re4 $18 {is the precise move to win.} Nf3 54. Re3) 53... Nf3 {[#]} 54. Kd6 $1 {[%cal Rd6e7]} Nh4 {[#]} 55. Ke5 $1 Nf3+ 56. Ke4 Nh4 57. Rh7 {Threatens to win with Rh6.} Ng2 58. Rh8 Nh4 59. Rg8+ (59. Rh5 $16 {Black must now prevent Rh6.} Ng2 60. Ke5) 59... Kxh3 $11 {The position is equal.} 60. Kf4 Ng2+ $1 61. Kf3 (61. Ke5 {with more complications.} Ne3 62. Rh8+ Kg3 63. Rb8 Kf2 64. Kf6) 61... Nh4+ 62. Kf2 Nf5 63. Rg5 Nh4 64. Rg7 Nf5 65. Rg8 Nh4 66. Rg3+ Kh2 67. Ra3 Ng2 68. Rb3 (68. Ke2 {seems wilder.} Nh4 69. Kf2) 68... Nh4 $1 69. Rg3 Nf5 70. Rg4 (70. Ra3 {with more complications.} Nh4 71. Rb3 Nf5 72. Rb5 Nh4 73. Rb3) 70... Kh3 71. Rg8 Nh4 72. Rg5 Kh2 73. Ke3 Kh3 74. Rg8 Ng2+ $1 75. Ke4 Nh4 76. Rg7 Ng2 $1 77. Kf3 {Rg3+ would kill now.} Nh4+ 78. Kf4 {White wants to mate with Rh7!} (78. Ke2 {looks sharper.} Nf5 79. Rh7+ Kg2 80. Kd2 Ng3 81. Kd3) 78... Ng2+ $1 79. Kf5 Nh4+ (79... Ne1 {is more complex.} 80. Rg8 Ng2 81. Ke4) 80. Kf6 (80. Ke4 {with more complications.}) 80... Ng2 81. Rg8 Nh4 82. Kg5 Ng2 83. Ra8 Kg3 84. Ra3+ Kf2 $1 85. Kf5 Ne3+ 86. Ke4 Ng2 87. Rf3+ Ke2 88. Rf8 Ne3 89. Ra8 {Intending Ra2+ and mate.} (89. Kf4 {feels hotter.} Kf2 90. Re8 Nc2 91. Ke5 Ke1 92. Ke6) 89... Nc2 90. Rd8 (90. Ra2 {seems wilder.} Kd2 91. Kf4 Kd3 92. Ra5 Nd4 93. Kg4) 90... Ne1 91. Rd7 Nc2 92. Rd6 (92. Kd5 {keeps more tension.} Ne3+ 93. Kd4 Nc2+ 94. Kd5) 92... Ne1 93. Rh6 Kd2 94. Rh3 Nc2 95. Rb3 Ne1 96. Rg3 Nc2 97. Rd3+ Ke2 98. Rh3 Kd2 99. Rh2+ Kc3 100. Rh8 Kd2 101. Rh3 Ne1 102. Rh2+ Kc3 103. Rh7 Nc2 104. Rh1 Nb4 105. Rc1+ Nc2 106. Rg1 Nb4 107. Rg8 Nc2 108. Rc8+ Kd2 {Accuracy: White = 56%, Black = 59%.} 1/2-1/2

[Event "84th ESP-ch 2019"]
[Site "Marbella"]
[Date "2019.11.19"]
[Round "4.16"]
[White "Garcia Vicente, Nieves"]
[Black "Larino Nieto, David"]
[Result "0-1"]
[WhiteElo "2175"]
[BlackElo "2473"]
[Annotator "ChessBase"]
[PlyCount "62"]
[EventDate "2019.11.16"]
[EventType "swiss"]
[EventCountry "ESP"]
[SourceTitle "playchess.com"]
[Source "ChessBase"]
[SourceQuality "1"]
[TimeControl "5400+30"]

1. d4 {[%emt 0:00:00]} d6 {[%emt 0:02:32]} 2. Nf3 {[%emt 0:00:09]} Nd7 {[%emt 0:00:22]} 3. c4 {[%emt 0:00:16]} h6 {[%emt 0:00:09]} 4. Nc3 {[%emt 0:00:33]} g5 {[%emt 0:00:06]} 5. e4 {[%emt 0:03:38]} Bg7 {[%emt 0:00:11]} 6. Be3 {[%emt 0:00:23]} e6 {[%emt 0:00:08]} 7. Be2 {[%emt 0:06:56]} Ne7 {[%emt 0:00:56]} 8. d5 {[%emt 0:08:33]} Ng6 {[%emt 0:01:07]} 9. Qd2 {[%emt 0:07:17]} a6 {[%emt 0:01:46]} 10. O-O-O {[%emt 0:09:09]} Nf4 {[%emt 0:05:46]} 11. Bf1 {[%emt 0:03:35]} b5 {[%emt 0:03:11]} 12. Nd4 {[%emt 0:09:19]} b4 {[%emt 0:12:14]} 13. Nce2 {[%emt 0:08:29]} Nc5 {[%emt 0:02:21]} 14. Qc2 {[%emt 0:08:13]} Qf6 {[%emt 0:05:53]} 15. g3 {[%emt 0:01:31]} Ng6 {[%emt 0:00:21]} 16. f4 {[%emt 0:04:47]} O-O {[%emt 0:05:27]} 17. Bg2 {[%emt 0:00:54]} exd5 {[%emt 0:05:26]} 18. fxg5 {[%emt 0:01:53]} hxg5 {[%emt 0:00:27]} 19. Rhf1 {[%emt 0:00:20]} Qe5 {[%emt 0:01:11]} 20. Nf5 {[%emt 0:01:46]} dxc4 {[%emt 0:07:11]} 21. Nxg7 {[%emt 0:07:48]} Qxg7 {[%emt 0:01:41]} 22. Bxg5 {[%emt 0:04:27]} f6 {[%emt 0:03:36]} 23. Be3 {[%emt 0:01:51]} Ne5 {[%emt 0:00:10]} 24. Nd4 {[%emt 0:00:43]} Bg4 {[%emt 0:11:28]} 25. Rd2 {[%emt 0:00:33]} Rab8 {[%emt 0:00:22]} 26. Kb1 {[%emt 0:02:17]} b3 {[%emt 0:00:59]} 27. axb3 {[%emt 0:01:33]} cxb3 {[%emt 0:00:10]} 28. Qc3 {[%emt 0:01:02]} Qd7 {[%emt 0:00:11]} 29. Ne2 {[%emt 0:02:45]} Bxe2 {[%emt 0:06:04]} 30. Rxe2 {[%emt 0:00:01]} Qa4 {[%emt 0:00:08]} 31. Rd1 {[%emt 0:00:56]} Nc4 {[%emt 0:00:35]} 0-1

[Event "84th ESP-ch 2019"]
[Site "Marbella"]
[Date "2019.11.19"]
[Round "4.17"]
[White "Huerga Leache, Mikel"]
[Black "Rey Malde, Henrique"]
[Result "1-0"]
[WhiteElo "2456"]
[BlackElo "2209"]
[Annotator "ChessBase"]
[PlyCount "63"]
[EventDate "2019.11.16"]
[EventType "swiss"]
[EventCountry "ESP"]
[SourceTitle "playchess.com"]
[Source "ChessBase"]
[SourceQuality "1"]
[TimeControl "5400+30"]

1. d4 {[%emt 0:00:31]} Nf6 {[%emt 0:00:03]} 2. Bf4 {[%emt 0:00:13]} d5 {[%emt 0:00:38]} 3. e3 {[%emt 0:00:11]} c5 {[%emt 0:00:26]} 4. c3 {[%emt 0:00:10]} Nc6 {[%emt 0:00:10]} 5. Nd2 {[%emt 0:00:07]} Qb6 {[%emt 0:00:42]} 6. Qb3 {[%emt 0:00:10]} g6 {[%emt 0:00:24]} 7. Qxb6 {[%emt 0:00:14]} axb6 {[%emt 0:00:08]} 8. Bc7 {[%emt 0:00:08]} Nd7 {[%emt 0:09:30]} 9. Bb5 {[%emt 0:00:46]} Bg7 {[%emt 0:03:46]} 10. Ngf3 {[%emt 0:00:17]} O-O {[%emt 0:00:34]} 11. O-O {[%emt 0:00:10]} f6 {[%emt 0:31:29]} 12. Rfe1 {[%emt 0:06:33]} e5 {[%emt 0:10:21]} 13. dxe5 {[%emt 0:04:28]} Ncxe5 {[%emt 0:04:41]} 14. e4 {[%emt 0:02:23]} Nxf3+ {[%emt 0:03:24]} 15. Nxf3 {[%emt 0:01:18]} dxe4 {[%emt 0:00:09]} 16. Rxe4 {[%emt 0:00:50]} Ne5 {[%emt 0:10:26]} 17. Nxe5 {[%emt 0:04:35]} fxe5 {[%emt 0:00:08]} 18. Bxb6 {[%emt 0:01:42]} Be6 {[%emt 0:02:02]} 19. Bxc5 {[%emt 0:01:58]} Rfd8 {[%emt 0:00:21]} 20. a4 {[%emt 0:06:06]} Rd2 {[%emt 0:01:46]} 21. Rb4 {[%emt 0:11:40]} Rad8 {[%emt 0:01:44]} 22. Kf1 {[%emt 0:04:30]} Bh6 {[%emt 0:09:38]} 23. Be2 {[%emt 0:01:38]} Bd5 {[%emt 0:00:41]} 24. Rd1 {[%emt 0:01:57]} Bc6 {[%emt 0:01:54]} 25. Rxd2 {[%emt 0:00:22]} Rxd2 {[%emt 0:00:04]} 26. g3 {[%emt 0:01:39]} Rc2 {[%emt 0:01:12]} 27. Bd3 {[%emt 0:04:10]} Rc1+ {[%emt 0:00:39]} 28. Ke2 {[%emt 0:00:07]} Bg2 {[%emt 0:00:21]} 29. Be3 {[%emt 0:00:50]} Bxe3 {[%emt 0:01:13]} 30. Kxe3 {[%emt 0:00:32]} Re1+ {[%emt 0:01:12]} 31. Kd2 {[%emt 0:00:11]} Rh1 {[%emt 0:00:48]} 32. Be4 {[%emt 0:01:58]} 1-0

[Event "84th ESP-ch 2019"]
[Site "Marbella"]
[Date "2019.11.19"]
[Round "4.18"]
[White "Merario Alarcon, Andres"]
[Black "Martinez Piqueras, Carlos"]
[Result "1-0"]
[WhiteElo "2394"]
[BlackElo "2206"]
[Annotator "ChessBase"]
[PlyCount "47"]
[EventDate "2019.11.16"]
[EventType "swiss"]
[EventCountry "ESP"]
[SourceTitle "playchess.com"]
[Source "ChessBase"]
[SourceQuality "1"]
[TimeControl "5400+30"]

1. d4 {[%emt 0:00:00]} Nf6 {[%emt 0:00:00]} 2. c4 {[%emt 0:00:00]} e6 {[%emt 0:00:30]} 3. Nc3 {[%emt 0:00:38]} Bb4 {[%emt 0:00:22]} 4. Qc2 {[%emt 0:00:28]} b6 {[%emt 0:03:27]} 5. e4 {[%emt 0:00:27]} c5 {[%emt 0:00:39]} 6. d5 {[%emt 0:00:11]} Qe7 {[%emt 0:00:07]} 7. Nge2 {[%emt 0:00:13]} exd5 {[%emt 0:03:24]} 8. exd5 {[%emt 0:00:11]} b5 {[%emt 0:22:58]} 9. Bg5 {[%emt 0:06:50]} h6 {[%emt 0:17:23]} 10. Bh4 {[%emt 0:06:37]} bxc4 {[%emt 0:09:47]} 11. O-O-O {[%emt 0:02:17]} d6 {[%emt 0:03:17]} 12. a3 {[%emt 0:06:23]} Bxc3 {[%emt 0:02:39]} 13. Nxc3 {[%emt 0:00:15]} O-O {[%emt 0:01:39]} 14. Bxc4 {[%emt 0:01:12]} Nbd7 {[%emt 0:07:53]} 15. Rde1 {[%emt 0:22:53]} Qd8 {[%emt 0:00:41]} 16. f4 {[%emt 0:00:22]} Qa5 {[%emt 0:05:37]} 17. g4 {[%emt 0:02:12]} Ba6 {[%emt 0:01:53]} 18. Ba2 {[%emt 0:05:02]} Rae8 {[%emt 0:02:24]} 19. Bb1 {[%emt 0:06:43]} g6 {[%emt 0:07:59]} 20. Re6 {[%emt 0:00:16]} fxe6 {[%emt 0:01:32]} 21. Qxg6+ {[%emt 0:00:10]} Kh8 {[%emt 0:00:01]} 22. Qxh6+ {[%emt 0:00:12]} Kg8 {[%emt 0:00:05]} 23. Qg6+ {[%emt 0:00:36]} Kh8 {[%emt 0:00:14]} 24. g5 {[%emt 0:00:31]} 1-0

[Event "84th ESP-ch 2019"]
[Site "Marbella"]
[Date "2019.11.19"]
[Round "4.19"]
[White "Vega Gutierrez, Sabrina"]
[Black "Perera Borrego, Maria Adela"]
[Result "1-0"]
[WhiteElo "2374"]
[BlackElo "2201"]
[Annotator "ChessBase"]
[PlyCount "73"]
[EventDate "2019.11.16"]
[EventType "swiss"]
[EventCountry "ESP"]
[SourceTitle "playchess.com"]
[Source "ChessBase"]
[SourceQuality "1"]
[TimeControl "5400+30"]

1. e4 {[%emt 0:00:00]} e6 {[%emt 0:00:00]} 2. Qe2 {[%emt 0:00:00]} Nc6 {[%emt 0:00:01]} 3. Nf3 {[%emt 0:00:00]} d5 {[%emt 0:03:41]} 4. exd5 {[%emt 0:00:23]} Qxd5 {[%emt 0:00:09]} 5. Nc3 {[%emt 0:00:12]} Qd8 {[%emt 0:01:56]} 6. d4 {[%emt 0:00:27]} Be7 {[%emt 0:04:18]} 7. Be3 {[%emt 0:22:29]} Nf6 {[%emt 0:00:52]} 8. O-O-O {[%emt 0:00:24]} O-O {[%emt 0:01:16]} 9. h4 {[%emt 0:09:31]} b5 {[%emt 0:08:57]} 10. Ne5 {[%emt 0:09:13]} Na5 {[%emt 0:19:46]} 11. Qxb5 {[%emt 0:03:25]} c6 {[%emt 0:00:56]} 12. Qa4 {[%emt 0:06:18]} Rb8 {[%emt 0:07:34]} 13. a3 {[%emt 0:00:34]} Bd7 {[%emt 0:09:40]} 14. Nxd7 {[%emt 0:01:27]} Nxd7 {[%emt 0:00:36]} 15. Bf4 {[%emt 0:00:25]} Rxb2 {[%emt 0:08:43]} 16. Kxb2 {[%emt 0:07:49]} Nb6 {[%emt 0:02:24]} 17. Qxa5 {[%emt 0:00:19]} Nc4+ {[%emt 0:00:10]} 18. Bxc4 {[%emt 0:00:08]} Qxa5 {[%emt 0:00:06]} 19. Nb1 {[%emt 0:05:44]} Bf6 {[%emt 0:05:46]} 20. Bb3 {[%emt 0:06:28]} Qf5 {[%emt 0:05:25]} 21. Bg5 {[%emt 0:17:38]} c5 {[%emt 0:03:21]} 22. Bxf6 {[%emt 0:00:13]} Qxf6 {[%emt 0:00:19]} 23. Rh3 {[%emt 0:02:51]} cxd4 {[%emt 0:01:20]} 24. Rf3 {[%emt 0:01:02]} Qxh4 {[%emt 0:00:24]} 25. g3 {[%emt 0:00:35]} Qg4 {[%emt 0:03:28]} 26. Rfd3 {[%emt 0:00:01]} e5 {[%emt 0:01:29]} 27. Re1 {[%emt 0:02:02]} Qf5 {[%emt 0:04:49]} 28. Nd2 {[%emt 0:00:13]} Rb8 {[%emt 0:01:35]} 29. Ka2 {[%emt 0:01:09]} Qh5 {[%emt 0:02:43]} 30. Nc4 {[%emt 0:00:43]} Qf5 {[%emt 0:01:35]} 31. Rxe5 {[%emt 0:01:19]} Qxf2 {[%emt 0:00:10]} 32. Nd6 {[%emt 0:00:13]} g6 {[%emt 0:00:31]} 33. Re7 {[%emt 0:01:59]} Qg2 {[%emt 0:01:23]} 34. Rxf7 {[%emt 0:00:56]} Rxb3 {[%emt 0:00:25]} 35. Rxb3 {[%emt 0:00:14]} Qd5 {[%emt 0:01:02]} 36. Rc7 {[%emt 0:00:20]} a5 {[%emt 0:00:29]} 37. Kb2 {[%emt 0:00:27]} 1-0

[Event "84th ESP-ch 2019"]
[Site "Marbella"]
[Date "2019.11.19"]
[Round "4.20"]
[White "Arroyo Rodriguez, Jesus"]
[Black "Serarols Mabras, Bernat"]
[Result "0-1"]
[WhiteElo "2112"]
[BlackElo "2367"]
[Annotator "ChessBase"]
[PlyCount "66"]
[EventDate "2019.11.16"]
[EventType "swiss"]
[EventCountry "ESP"]
[SourceTitle "playchess.com"]
[Source "ChessBase"]
[SourceQuality "1"]
[TimeControl "5400+30"]

1. Nf3 {[%emt 0:00:00]} d5 {[%emt 0:00:23]} 2. b3 {[%emt 0:00:00]} c5 {[%emt 0:00:42]} 3. Bb2 {[%emt 0:00:11]} Nc6 {[%emt 0:00:17]} 4. d4 {[%emt 0:00:51]} cxd4 {[%emt 0:01:29]} 5. Nxd4 {[%emt 0:00:15]} Nf6 {[%emt 0:00:17]} 6. e3 {[%emt 0:01:31]} e6 {[%emt 0:00:34]} 7. Be2 {[%emt 0:04:24]} Qa5+ {[%emt 0:08:16]} 8. Qd2 {[%emt 0:07:48]} Bb4 {[%emt 0:10:59]} 9. c3 {[%emt 0:00:24]} Bd6 {[%emt 0:00:52]} 10. O-O {[%emt 0:04:22]} O-O {[%emt 0:03:42]} 11. c4 Bb4 {[%emt 0:13:40]} 12. Qc2 {[%emt 0:10:07]} Nxd4 {[%emt 0:01:31]} 13. Bxd4 {[%emt 0:00:43]} dxc4 {[%emt 0:00:32]} 14. Bxc4 {[%emt 0:01:31]} Bd7 {[%emt 0:09:31]} 15. a3 {[%emt 0:07:12]} Be7 {[%emt 0:01:54]} 16. Qb2 {[%emt 0:03:04]} Bc6 {[%emt 0:01:13]} 17. b4 {[%emt 0:04:17]} Qg5 {[%emt 0:04:18]} 18. f4 {[%emt 0:01:37]} Qg6 {[%emt 0:07:29]} 19. Nc3 {[%emt 0:01:09]} Rac8 {[%emt 0:05:59]} 20. Ba2 {[%emt 0:01:20]} b6 {[%emt 0:00:26]} 21. Rac1 {[%emt 0:01:49]} Rfd8 {[%emt 0:01:38]} 22. Bb1 {[%emt 0:01:27]} Qh6 {[%emt 0:00:54]} 23. Qe2 {[%emt 0:10:49]} Bb7 {[%emt 0:02:16]} 24. g4 {[%emt 0:13:42]} Qh3 {[%emt 0:02:17]} 25. g5 {[%emt 0:01:12]} Nd5 {[%emt 0:07:43]} 26. Nxd5 {[%emt 0:03:42]} Bxd5 {[%emt 0:00:05]} 27. Bd3 {[%emt 0:03:29]} Bb7 {[%emt 0:03:54]} 28. Rxc8 {[%emt 0:06:00]} Rxc8 {[%emt 0:00:23]} 29. Qf2 {[%emt 0:02:07]} f6 {[%emt 0:02:35]} 30. g6 {[%emt 0:01:18]} hxg6 {[%emt 0:02:01]} 31. Bxg6 {[%emt 0:00:59]} f5 {[%emt 0:00:12]} 32. Re1 {[%emt 0:02:58]} Qh6 {[%emt 0:00:19]} 33. Qg3 {[%emt 0:00:59]} Bh4 {[%emt 0:00:19]} 0-1

[Event "84th ESP-ch 2019"]
[Site "Marbella"]
[Date "2019.11.19"]
[Round "4.21"]
[White "Perez Garcia, Alejandro"]
[Black "Guadamuro Torrente, Anabel"]
[Result "1-0"]
[WhiteElo "2343"]
[BlackElo "2145"]
[Annotator "ChessBase"]
[PlyCount "65"]
[EventDate "2019.11.16"]
[EventType "swiss"]
[EventCountry "ESP"]
[SourceTitle "playchess.com"]
[Source "ChessBase"]
[SourceQuality "1"]
[TimeControl "5400+30"]

1. Nf3 {[%emt 0:00:00]} b6 {[%emt 0:00:00]} 2. e4 {[%emt 0:00:49]} Bb7 {[%emt 0:00:25]} 3. Nc3 {[%emt 0:00:14]} e6 {[%emt 0:01:07]} 4. d4 {[%emt 0:00:11]} Bb4 {[%emt 0:08:58]} 5. Bd3 {[%emt 0:00:07]} Nf6 {[%emt 0:01:11]} 6. Nd2 {[%emt 0:01:33]} d6 {[%emt 0:14:09]} 7. O-O {[%emt 0:10:31]} Nbd7 {[%emt 0:07:24]} 8. f4 {[%emt 0:20:48]} e5 {[%emt 0:05:26]} 9. a3 {[%emt 0:01:29]} exd4 {[%emt 0:03:08]} 10. axb4 {[%emt 0:00:30]} dxc3 {[%emt 0:00:07]} 11. bxc3 {[%emt 0:02:49]} O-O {[%emt 0:01:05]} 12. Bb2 {[%emt 0:08:43]} Re8 {[%emt 0:10:31]} 13. Qf3 {[%emt 0:04:06]} a5 {[%emt 0:02:50]} 14. g4 {[%emt 0:02:55]} Qe7 {[%emt 0:18:32]} 15. Rae1 {[%emt 0:01:04]} h6 {[%emt 0:03:15]} 16. h4 {[%emt 0:02:40]} d5 {[%emt 0:06:08]} 17. e5 {[%emt 0:04:43]} Ne4 {[%emt 0:00:36]} 18. Nxe4 {[%emt 0:03:01]} dxe4 {[%emt 0:00:04]} 19. Bxe4 {[%emt 0:00:08]} Bxe4 {[%emt 0:00:10]} 20. Rxe4 {[%emt 0:02:04]} Qxh4 {[%emt 0:01:03]} 21. Re2 {[%emt 0:09:12]} Qe7 {[%emt 0:00:53]} 22. g5 {[%emt 0:07:41]} axb4 {[%emt 0:06:03]} 23. gxh6 {[%emt 0:01:35]} Qc5+ {[%emt 0:00:40]} 24. Kh1 {[%emt 0:01:56]} bxc3 {[%emt 0:01:29]} 25. Bxc3 {[%emt 0:08:47]} Ra3 {[%emt 0:00:17]} 26. Qg2 {[%emt 0:01:48]} g6 {[%emt 0:01:00]} 27. f5 {[%emt 0:01:50]} Ra4 {[%emt 0:06:11]} 28. h7+ {[%emt 0:01:54]} Kh8 {[%emt 0:00:43]} 29. Qh3 {[%emt 0:00:33]} Nxe5 {[%emt 0:00:32]} 30. fxg6 {[%emt 0:00:21]} Qc6+ {[%emt 0:00:30]} 31. Rg2 {[%emt 0:00:16]} fxg6 {[%emt 0:00:21]} 32. Bxe5+ {[%emt 0:00:11]} Rxe5 {[%emt 0:00:07]} 33. Rf8+ {[%emt 0:00:04]} 1-0

[Event "84th ESP-ch 2019"]
[Site "Marbella"]
[Date "2019.11.19"]
[Round "4.22"]
[White "Berrocal Ruiz, Valentin"]
[Black "Gomez Dieguez, David"]
[Result "1-0"]
[WhiteElo "2143"]
[BlackElo "2336"]
[Annotator "ChessBase"]
[PlyCount "61"]
[EventDate "2019.11.16"]
[EventType "swiss"]
[EventCountry "ESP"]
[SourceTitle "playchess.com"]
[Source "ChessBase"]
[SourceQuality "1"]
[TimeControl "5400+30"]

1. Nf3 {[%emt 0:00:00]} Nf6 {[%emt 0:00:00]} 2. c4 {[%emt 0:00:00]} c5 {[%emt 0:00:00]} 3. Nc3 {[%emt 0:00:00]} Nc6 {[%emt 0:00:00]} 4. d4 {[%emt 0:00:21]} cxd4 {[%emt 0:00:05]} 5. Nxd4 {[%emt 0:00:05]} g6 {[%emt 0:03:10]} 6. e4 {[%emt 0:00:18]} Bg7 {[%emt 0:00:03]} 7. Be3 {[%emt 0:00:10]} Ng4 {[%emt 0:00:15]} 8. Qxg4 {[%emt 0:00:10]} Nxd4 {[%emt 0:00:02]} 9. Qd1 {[%emt 0:00:07]} Ne6 {[%emt 0:00:04]} 10. Rc1 {[%emt 0:01:21]} Qa5 {[%emt 0:00:23]} 11. Be2 {[%emt 0:01:40]} b6 {[%emt 0:00:21]} 12. Qd5 {[%emt 0:00:13]} Qxd5 {[%emt 0:03:09]} 13. cxd5 {[%emt 0:05:19]} Nd4 {[%emt 0:12:35]} 14. Bd3 {[%emt 0:00:32]} O-O {[%emt 0:03:20]} 15. O-O {[%emt 0:00:23]} f5 {[%emt 0:06:17]} 16. e5 {[%emt 0:05:19]} Bxe5 {[%emt 0:05:52]} 17. f4 {[%emt 0:00:06]} Bg7 {[%emt 0:02:30]} 18. Rfd1 {[%emt 0:00:07]} d6 {[%emt 0:00:20]} 19. Bb1 {[%emt 0:05:34]} e5 {[%emt 0:01:35]} 20. dxe6 {[%emt 0:00:12]} Nxe6 {[%emt 0:01:52]} 21. Rxd6 {[%emt 0:01:52]} Re8 {[%emt 0:11:38]} 22. a3 {[%emt 0:35:54]} Nc5 {[%emt 0:17:30]} 23. Ba2+ {[%emt 0:05:30]} Kf8 {[%emt 0:04:43]} 24. Nd5 {[%emt 0:07:36]} Bxb2 {[%emt 0:15:11]} 25. Rxc5 {[%emt 0:01:08]} Bxa3 {[%emt 0:02:59]} 26. Rf6+ {[%emt 0:01:14]} Kg7 {[%emt 0:00:07]} 27. Rc7+ {[%emt 0:00:06]} Kh6 {[%emt 0:00:07]} 28. Rff7 {[%emt 0:00:14]} Rh8 {[%emt 0:00:46]} 29. Nf6 {[%emt 0:00:26]} g5 {[%emt 0:00:04]} 30. fxg5+ {[%emt 0:00:11]} Kg6 {[%emt 0:00:03]} 31. Rg7# 1-0

[Event "84th ESP-ch 2019"]
[Site "Marbella"]
[Date "2019.11.19"]
[Round "4.23"]
[White "Guerra Rivera, Salvador"]
[Black "Collado Barbas, Laura"]
[Result "1-0"]
[WhiteElo "2334"]
[BlackElo "2142"]
[Annotator "ChessBase"]
[PlyCount "55"]
[EventDate "2019.11.16"]
[EventType "swiss"]
[EventCountry "ESP"]
[SourceTitle "playchess.com"]
[Source "ChessBase"]
[SourceQuality "1"]
[TimeControl "5400+30"]

1. e4 {[%emt 0:00:00]} e6 {[%emt 0:00:00]} 2. d4 {[%emt 0:00:01]} d5 {[%emt 0:00:00]} 3. Nd2 {[%emt 0:00:29]} Nf6 {[%emt 0:00:14]} 4. e5 {[%emt 0:00:38]} Nfd7 {[%emt 0:00:06]} 5. f4 {[%emt 0:00:06]} c5 {[%emt 0:00:17]} 6. Ngf3 {[%emt 0:00:39]} Nc6 {[%emt 0:01:07]} 7. Nb3 {[%emt 0:00:22]} cxd4 {[%emt 0:09:33]} 8. Nfxd4 {[%emt 0:01:12]} Nc5 {[%emt 0:04:07]} 9. Be3 {[%emt 0:00:27]} Ne4 {[%emt 0:12:25]} 10. Bd3 {[%emt 0:01:23]} f5 {[%emt 0:07:58]} 11. O-O {[%emt 0:08:23]} g6 {[%emt 0:06:40]} 12. a3 {[%emt 0:09:20]} a6 {[%emt 0:05:15]} 13. c4 {[%emt 0:06:06]} Nxd4 {[%emt 0:05:32]} 14. Nxd4 {[%emt 0:00:10]} dxc4 {[%emt 0:05:23]} 15. Bxc4 {[%emt 0:00:28]} Bc5 {[%emt 0:00:50]} 16. Qd3 {[%emt 0:08:14]} b5 {[%emt 0:09:28]} 17. Ba2 {[%emt 0:01:40]} Kf7 {[%emt 0:01:06]} 18. Rac1 {[%emt 0:10:42]} Re8 {[%emt 0:08:40]} 19. Rfd1 {[%emt 0:01:56]} Bb6 {[%emt 0:13:11]} 20. Rc6 {[%emt 0:07:01]} Bxd4 {[%emt 0:04:48]} 21. Qxd4 {[%emt 0:00:15]} Bb7 {[%emt 0:02:42]} 22. Rxe6 {[%emt 0:07:44]} Qxd4 {[%emt 0:00:42]} 23. Rf6+ {[%emt 0:00:59]} Kg7 {[%emt 0:00:44]} 24. Rf7+ {[%emt 0:00:06]} Kh8 {[%emt 0:00:34]} 25. Bxd4 {[%emt 0:00:05]} Bc6 {[%emt 0:00:35]} 26. e6+ {[%emt 0:00:16]} Kg8 {[%emt 0:00:01]} 27. Rg7+ {[%emt 0:00:08]} Kf8 {[%emt 0:00:55]} 28. e7+ {[%emt 0:00:20]} 1-0